000 00754nam a22002297a 4500
003 OSt
005 20260306080539.0
008 260306b |||||||| |||| 00| 0 eng d
020 _a978-621-406-390-1
040 _aDWCL Main lib
_cOC
082 _aFil. 658.15 F491 2025
100 _aAbante, Marmelo V.
245 _aAdvanced financial management:
_bfinancial strategy and corporate finance
_cMarmelo V. Abante
260 _aManila, Philippines:
_bMindshapers,
_cc2025.
300 _ax, 203 pages:
_billustrations;
_c25 cm.
504 _aIncludes bibliographical references.
650 _a1. Corporations--finance.
700 _aRene Boy Bacay
700 _aErika F. Bacay
700 _aMa. Teresa V. Gonzales
942 _2ddc
_cBK - FIL
_kFil.
_n0
999 _c8725
_d8725